000 00299nam a22001337a 4500
008 171017b xxu||||| |||| 00| 0 eng d
020 _a0393960799
041 _aeng
080 _a330.101.542
100 _a52
101 _aMIK
245 _aMICROECONOMIC PROBLEMS
_cMANSFIELD.E
942 _2udc
_cBK
999 _c34494
_d34494